Teória pravdepodobnosti 2

Gespeichert in:
Bibliographische Detailangaben
1. Verfasser: Huťka, Vladimír
Körperschaft: Ekonomická univerzita v Bratislave
Format: Buch
Sprache:Slowakisch
Veröffentlicht: Bratislava Vydavateľstvo EKONÓM 2002
Schlagworte:
Tags: Tag hinzufügen
Keine Tags, Fügen Sie das erste Tag hinzu!

MARC

LEADER 00000nam a2200000 4500
001 c137861
005 20221124093117.6
020 |a 80-225-1573-6 
041 0 |a slo 
044 |a SK 
245 1 0 |a Teória pravdepodobnosti 2  |c Vladimír Huťka 
264 1 |a Bratislava  |b Vydavateľstvo EKONÓM  |c 2002 
300 |a 204 s. 
610 2 0 |a teória pravdepodobnosti 
610 2 0 |a matematika 
610 2 0 |a reťazce Markovove 
610 2 0 |a modely 
610 2 0 |a pravdepodobnosť 
610 2 0 |a metódy matematicko-štatistické 
100 1 |a Huťka, Vladimír 
710 2 |a Ekonomická univerzita v Bratislave